000 00579 a2200193 4500
001 108260
020 _a9781408131183 (hbk.)
041 _apor
090 _aP Year 9 821
250 _a. ed.
300 _a160 p.
697 _aNatural history - Great Britain - Poetry.
700 _aselected by Celia Warren ; foreword by Andrew Motion.
856 _u000017/000017b6.jpg
040 _aBR-BrIDEA
_cBR-BrIDEA
245 1 0 _aThe RSPB anthology of wildlife poetry
_cselected by Celia Warren ; foreword by Andrew Motion
260 _a[S.l.]
_bA. & C. Black
_c2011
942 _cBK
999 _c108260
_d108260